| 000 | 01160nam a2200313 i 4500 | ||
|---|---|---|---|
| 003 | DO-SdBNP | ||
| 005 | 20240927073750.0 | ||
| 007 | ta | ||
| 008 | 110331s2023 dr ac 000 |bspa d | ||
| 020 | _a9789945435276 | ||
| 040 |
_aDO-SdBNP _bspa _cBNPHU _erda |
||
| 082 | 4 |
_a923.57293 _bD985b, 2023 _222 |
|
| 100 | 1 |
_a Balaguer, Joaquín, _d1906-2002 _eautor _976556 |
|
| 245 | 1 | 3 |
_aEl centinela de la frontera : _bvida y hazañas de Antonio Duvergé / _cJoaquín Balaguer ; edición Candido Gerón. |
| 250 | _aOctava edición | ||
| 264 | 1 |
_aSanto Domingo : _bFundación Joaquín Balaguer, _c2023. |
|
| 300 |
_a214 páginas : _bilustraciones, retratos ; _c23 cm. |
||
| 336 |
_2rdacontent _atexto _btxt |
||
| 337 |
_2rdamedia _asin midiacion _bn |
||
| 338 |
_2rdacarrier _avolumen _bnc |
||
| 500 | _aIncluye referencias bibliográficas y notas al pie de las páginas. | ||
| 500 | _aIncluye datos biográficos del autor en las solapas | ||
| 500 | _aIncluye índice onomástico | ||
| 590 | _aInventariado, 2024 /LP | ||
| 600 | 1 | 0 |
_aDuvergé, Antonio, _d1807-1855 _934515 |
| 700 | 1 |
_aGerón, Candido, _eedición _982130 |
|
| 910 | _aLP | ||
| 942 |
_2ddc _cLBS1 |
||
| 999 |
_c56328 _d56328 |
||